[Event "Lansing (Apr)"]
[Site "?"]
[Date "1992.??.??"]
[Round "?"]
[White "Anderson, D."]
[Black "Kamberi, Sonny"]
[Result "1-0"]
[WhiteElo "1605"]
[BlackElo "1605"]
[PlyCount "72"]
[EventDate "1992.??.??"]

1. e4 e5 2. Nf3 Nc6 3. Bb5 a6 4. Bxc6 dxc6 5. O-O Bg4 6. d3 Qe7 7. h3 Bh5 8.
Nbd2 O-O-O 9. Qe2 Nf6 10. Qe3 Nd7 11. b3 Rg8 12. a4 Kb8 13. Bb2 Bxf3 14. Nxf3
g5 15. Nh2 h5 16. f3 Bh6 17. Qe2 Nf6 18. Bc1 Bf8 19. Be3 Qe6 20. Kf2 g4 21.
fxg4 hxg4 22. hxg4 Nxg4+ 23. Nxg4 Rxg4 24. Qf3 Bc5 25. Ke2 Bxe3 26. Kxe3 Qh6+
27. Ke2 Rdg8 28. Rf2 Qh5 29. Rg1 Qh2 30. Kf1 Rf4 31. Qe2 Rh8 32. Qe3 Rhh4 33.
g3 Rxf2+ 34. Qxf2 Qh3+ 35. Rg2 Rg4 36. Qf5 Qh1+ 1-0

[Event "Lansing (Apr)"]
[Site "?"]
[Date "1992.??.??"]
[Round "?"]
[White "Anderson, D."]
[Black "Ingles, Darrell"]
[Result "1-0"]
[WhiteElo "1605"]
[BlackElo "1605"]
[PlyCount "61"]
[EventDate "1992.??.??"]

1. e4 d5 2. exd5 Qxd5 3. Nc3 Qa5 4. d4 c6 5. Nf3 Bg4 6. Bc4 Nd7 7. Bb3 e6 8.
Bd2 Qd8 9. h3 Bh5 10. g4 Bg6 11. Qe2 h5 12. g5 h4 13. O-O-O Bb4 14. Rhe1 Qe7
15. a3 Ba5 16. Ne5 Nxe5 17. Qxe5 Bxc3 18. Bxc3 O-O-O 19. d5 Bf5 20. dxc6 Qxg5+
21. f4 Qe7 22. cxb7+ Qxb7 23. Rxd8+ Kxd8 24. Rd1+ Kc8 25. Qc5+ Qc7 26. Qf8+ Kb7
27. Be5 Qc8 28. Rd8 Qc6 29. Qb4+ Qb6 30. Rb8+ Ka6 31. Bc4+ 1-0

[Event "Flint (Class C/2)"]
[Site "?"]
[Date "1992.??.??"]
[Round "?"]
[White "Anderson, D."]
[Black "Faust, S."]
[Result "1-0"]
[WhiteElo "1605"]
[BlackElo "1605"]
[PlyCount "139"]
[EventDate "1992.??.??"]

1. e4 d5 2. exd5 Nf6 3. d4 c6 4. dxc6 Nxc6 5. c3 e6 6. Nf3 Be7 7. Bd3 O-O 8.
O-O a6 9. Nbd2 b5 10. a3 Bb7 11. Ne4 Nxe4 12. Bxe4 f5 13. Bc2 h6 14. Re1 Qd6
15. Bb3 Rf6 16. Qd3 Raf8 17. Bd2 Nd8 18. Re2 Bxf3 19. Qxf3 Rg6 20. Bf4 Qd7 21.
Rd1 Bd6 22. Bxd6 Qxd6 23. d5 e5 24. Qh5 e4 25. Rde1 Nb7 26. Bc2 Nc5 27. Rd2 Rg5
28. Qe2 Re8 29. Qf1 Re5 30. f3 Rh5 31. g3 Re8 32. fxe4 Nxe4 33. Bxe4 fxe4 34.
Red1 e3 35. Re2 Rf8 36. Qg2 Re5 37. Rde1 Rfe8 38. Qf3 Rxd5 39. Rxe3 Rf8 40. Qe4
Rd1 41. Qe6+ Qxe6 42. Rxe6 Rd2 43. R1e2 Rdd8 44. Rxa6 Rd1+ 45. Kg2 h5 46. Kh3
Rfd8 47. Rb6 R8d5 48. Re4 Rf5 49. Rb8+ Kh7 50. Rb4 Rd2 51. R4xb5 Rff2 52. Rxh5+
Kg6 53. Rhb5 Rxh2+ 54. Kg4 Kh6 55. Rh8+ Kg6 56. Rxh2 Rxh2 57. b3 Re2 58. a4
Re4+ 59. Kh3 Kh6 60. a5 g5 61. c4 Kh5 62. c5 Re2 63. c6 Rc2 64. a6 Rxc6 65. Ra5
Rb6 66. a7 Rxb3 67. a8=Q Rb1 68. Qf3+ Kh6 69. Ra6+ Kg7 70. Qf6+ 1-0

[Event "Flint (Class B/5)"]
[Site "?"]
[Date "1992.??.??"]
[Round "?"]
[White "Anderson, Connie"]
[Black "Swartz, J."]
[Result "1-0"]
[WhiteElo "1770"]
[BlackElo "1605"]
[PlyCount "62"]
[EventDate "1992.??.??"]

1. e4 c5 2. Nc3 d6 3. g3 g6 4. Bg2 Bg7 5. d3 Nf6 6. Nf3 Bg4 7. O-O Nc6 8. Be3
O-O 9. Qd2 e5 10. Bg5 Qc8 11. a3 Be6 12. Ne2 Re8 13. c3 c4 14. Bxf6 Bxf6 15. d4
d5 16. dxe5 Bg7 17. exd5 Rd8 18. Ng5 Rxd5 19. Bxd5 Nxe5 20. Bxe6 fxe6 21. Nd4
Bh6 22. f4 Bxg5 23. fxg5 Qc5 24. Kh1 Qd5+ 25. Qg2 Qxg2+ 26. Kxg2 Ng4 27. Rae1
e5 28. h3 exd4 29. hxg4 d3 30. Re7 Rf8 31. Rxf8+ Kxf8 1-0

[Event "Flint (Class B/2)"]
[Site "?"]
[Date "1992.??.??"]
[Round "?"]
[White "Anderson, Connie"]
[Black "Asbury, Victor"]
[Result "1-0"]
[WhiteElo "1770"]
[BlackElo "1640"]
[PlyCount "109"]
[EventDate "1992.??.??"]

1. e4 c5 2. Nc3 Nc6 3. g3 g6 4. Bg2 Bg7 5. d3 e6 6. Nf3 Nge7 7. O-O O-O 8. Bg5
a6 9. Qd2 Qc7 10. Bh6 f5 11. Ne2 Rf7 12. Bxg7 Kxg7 13. Ng5 Rf8 14. Qc3+ Qe5 15.
Qxe5+ Nxe5 16. f4 Ng4 17. e5 Ne3 18. Rfc1 Nxg2 19. Kxg2 b5 20. c4 Bb7+ 21. Kf2
Rac8 22. cxb5 axb5 23. a4 c4 24. dxc4 bxc4 25. Nc3 Nd5 26. Nf3 Nb6 27. Nd2 Ra8
28. a5 Nd5 29. Nxc4 Nxc3 30. Rxc3 Bc6 31. Nb6 Ra7 32. b4 Rb8 33. Rb1 Kf7 34.
Nc4 Ke7 35. Ke3 Bd5 36. Nb6 Bc6 37. Rbb3 Rab7 38. b5 Bd5 39. Nxd5+ exd5 40. b6
Ke6 41. Kd4 d6 42. Rc6 Ke7 43. a6 dxe5+ 44. fxe5 Rd7 45. b7 g5 46. e6 Rdd8 47.
a7 h5 48. axb8=Q Rxb8 49. Rc8 Kxe6 50. Rxb8 f4 51. Re8+ Kf6 52. Re5 fxg3 53.
b8=Q gxh2 54. Qd6+ Kf7 55. Re7+ 1-0

[Event "Detroit (MOR/1a/44)"]
[Site "?"]
[Date "1992.??.??"]
[Round "?"]
[White "Alliston, Richard"]
[Black "Thornton, Ivan"]
[Result "1-0"]
[WhiteElo "1650"]
[BlackElo "1605"]
[PlyCount "67"]
[EventDate "1992.??.??"]

1. d4 Nf6 2. c4 e5 3. Nc3 Bb4 4. Bg5 Nc6 5. d5 Nd4 6. e3 Nf5 7. Qc2 d6 8. Bd3
g6 9. Qa4+ Qd7 10. Qxb4 Nh5 11. g4 h6 12. gxf5 hxg5 13. fxg6 f6 14. Nge2 Qh3
15. O-O-O b6 16. Nb5 Qd7 17. Qd2 Bb7 18. Ng3 Nxg3 19. hxg3 O-O-O 20. Nxa7+ Kb8
21. Nb5 c6 22. Nc3 cxd5 23. Nxd5 Bxd5 24. cxd5 Qb7 25. Bf5 Qa6 26. Kb1 Kb7 27.
Qc2 b5 28. Be6 Ra8 29. Qc6+ Qxc6 30. dxc6+ Kxc6 31. Bd5+ Kd7 32. Bxa8 Rxa8 33.
g7 Ra7 34. g8=Q 1-0

[Event "Detroit (MOR/5/56)"]
[Site "?"]
[Date "1992.??.??"]
[Round "?"]
[White "Alliston, Richard"]
[Black "Cheak, A."]
[Result "1/2-1/2"]
[WhiteElo "1650"]
[BlackElo "1605"]
[PlyCount "77"]
[EventDate "1992.??.??"]

{5/(56)} 1. d4 Nf6 2. c4 e5 3. Nc3 exd4 4. Qxd4 Nc6 5. Qd1 Bc5 6. e4 d6 7. Bg5
Qe7 8. f3 Bb4 9. Bd3 Bxc3+ 10. bxc3 Qe5 11. Qc1 h6 12. Bf4 Qe6 13. Ne2 Ne5 14.
Bxe5 dxe5 15. O-O Qd6 16. Rd1 Be6 17. Qe3 O-O 18. Bc2 Qc6 19. c5 Nd7 20. Bb3
Qxc5 21. Qxc5 Nxc5 22. Bxe6 Nxe6 23. Rd7 Rfd8 24. Rad1 Kf8 25. Ng3 Rxd7 26.
Rxd7 Rd8 27. Rd5 Rxd5 28. exd5 Nf4 29. c4 g6 30. Ne4 Ke7 31. Kf2 b6 32. g3 f5
33. gxf4 fxe4 34. fxe4 exf4 35. Kf3 Kd7 36. a4 a5 37. h4 Ke7 38. Kxf4 Kf7 39.
Kg4 1/2-1/2

[Event "Detroit (MOR/3/60)"]
[Site "?"]
[Date "1992.??.??"]
[Round "?"]
[White "Alliston, Richard"]
[Black "Buerkle, T."]
[Result "1-0"]
[WhiteElo "1650"]
[BlackElo "1605"]
[PlyCount "67"]
[EventDate "1992.??.??"]

{3/(60)} 1. d4 d5 2. c4 e6 3. Nc3 Nf6 4. Bg5 Be7 5. Qc2 c6 6. cxd5 exd5 7. e3
Bg4 8. Be2 Bxe2 9. Ngxe2 Nbd7 10. O-O O-O 11. Qb3 Qc8 12. Rac1 Re8 13. Rfd1 Nf8
14. Bxf6 Bxf6 15. Nxd5 Re6 16. Nef4 Rd6 17. Nxf6+ Rxf6 18. Qb4 Qb8 19. d5 a5
20. Qe7 cxd5 21. Rxd5 b5 22. Rc7 b4 23. Nh5 Rg6 24. Qxf7+ Kh8 25. Nxg7 Raa6 26.
Rf5 Ra8 27. Ne6 Qxc7 28. Nxc7 Rc8 29. Qe7 Rg8 30. g3 Ng6 31. Qf6+ Rg7 32. Ne6
Rcg8 33. Qxg7+ Rxg7 34. Nxg7 1-0

[Event "Detroit (MI Op/4/39)"]
[Site "?"]
[Date "1992.??.??"]
[Round "?"]
[White "Alexander, J."]
[Black "James, T."]
[Result "0-1"]
[WhiteElo "1890"]
[BlackElo "1775"]
[PlyCount "52"]
[EventDate "1992.??.??"]

{4/(39)} 1. d4 Nf6 2. c4 g6 3. Nc3 Bg7 4. e4 d6 5. Nf3 O-O 6. Be2 Nbd7 7. O-O
e5 8. d5 Nc5 9. Qc2 a5 10. Ne1 Ne8 11. Be3 f5 12. f3 f4 13. Bf2 Bd7 14. Nd3 Qe7
15. b3 g5 16. a3 Nxd3 17. Qxd3 Rf6 18. b4 Rh6 19. c5 Qf7 20. g4 fxg3 21. Bxg3
Nf6 22. Qe3 Nh5 23. Qf2 Nf4 24. Kh1 Rh3 25. Rfc1 Nh5 26. Rg1 axb4 0-1

[Event "Detroit (MI Op/1b/3)"]
[Site "?"]
[Date "1992.??.??"]
[Round "?"]
[White "Alexander, J."]
[Black "Fischvogt, Eric"]
[Result "0-1"]
[WhiteElo "1890"]
[BlackElo "2230"]
[PlyCount "66"]
[EventDate "1992.??.??"]

1. e4 c5 2. Nf3 Nc6 3. Bb5 g6 4. O-O Bg7 5. c3 e5 6. Re1 Nge7 7. Na3 O-O 8. Nc2
a6 9. Bf1 d5 10. d3 h6 11. c4 d4 12. g3 Be6 13. Bg2 Qd7 14. Qe2 Bg4 15. Qf1 b5
16. b3 Nc8 17. h3 Be6 18. Nd2 Rb8 19. Kh2 Nd6 20. Qe2 Rbe8 21. Rb1 f5 22. Rf1
Rf7 23. Bb2 Ref8 24. f3 h5 25. exf5 gxf5 26. Rbe1 h4 27. g4 e4 28. fxe4 fxg4
29. Rxf7 Rxf7 30. Rf1 g3+ 31. Kg1 Bxh3 32. Nf3 Bg4 33. Qd2 h3 0-1

[Event "East Lansing (MI Am/5)"]
[Site "?"]
[Date "1992.??.??"]
[Round "?"]
[White "Aldrich, Justin"]
[Black "Niemi, S."]
[Result "0-1"]
[WhiteElo "1605"]
[BlackElo "1605"]
[PlyCount "30"]
[EventDate "1992.??.??"]

1. e4 e5 2. Nf3 Nc6 3. Bb5 d6 4. d3 Nh6 5. Bxc6+ bxc6 6. Bxh6 gxh6 7. O-O Qf6
8. h3 Qg6 9. Nh4 Qg7 10. c3 Be7 11. Nf3 Bxh3 12. g3 Rb8 13. a4 Qf6 14. Qd2 Qxf3
15. Qd1 Qg2# 0-1

[Event "East Lansing (MI Am/1)"]
[Site "?"]
[Date "1992.??.??"]
[Round "?"]
[White "Aldrich, Justin"]
[Black "Kohler, J."]
[Result "0-1"]
[WhiteElo "1605"]
[BlackElo "1605"]
[PlyCount "40"]
[EventDate "1992.??.??"]

1. e4 e5 2. Nf3 Nc6 3. Bb5 Bc5 4. O-O Nf6 5. Bxc6 dxc6 6. Nxe5 Qe7 7. Nd3 O-O
8. Qe1 Qxe4 9. Nxc5 Qg6 10. Qe7 Bh3 11. g3 Bxf1 12. Kxf1 Qxc2 13. Na3 Qd1+ 14.
Kg2 Nd5 15. Qg5 Rfe8 16. d3 Re1 17. b3 f6 18. Qf5 g6 19. Qd7 Rg1+ 20. Kh3 Qh5#
0-1

[Event "East Lansing (MI Am/3)"]
[Site "?"]
[Date "1992.??.??"]
[Round "?"]
[White "Aldrich, Justin"]
[Black "Brelitch, D."]
[Result "0-1"]
[WhiteElo "1605"]
[BlackElo "1605"]
[PlyCount "90"]
[EventDate "1992.??.??"]

1. e4 d6 2. Nc3 Nf6 3. d3 g6 4. Bg5 Bg7 5. Be2 O-O 6. Bxf6 Bxf6 7. Nd5 Bxb2 8.
Rb1 Bg7 9. Bg4 Bxg4 10. Qxg4 b6 11. Qg5 Nc6 12. Rb3 Re8 13. Rc3 Bxc3+ 14. Nxc3
Kg7 15. Nf3 e6 16. Qxd8 Raxd8 17. O-O Nb4 18. Nb5 Nxa2 19. Nxc7 Re7 20. Nb5 d5
21. Ra1 dxe4 22. dxe4 Red7 23. h3 Rd1+ 24. Rxd1 Rxd1+ 25. Kh2 a5 26. Ng5 Rd2
27. Kg3 Rxc2 28. Nd6 f5 29. Nxe6+ Kf6 30. Nd4 Rc3+ 31. Kf4 Rd3 32. Ne8+ Ke7 33.
Nc6+ Kxe8 34. Ke5 fxe4 35. Kxe4 Rc3 36. Kd5 Nb4+ 37. Nxb4 axb4 38. Kd4 Rc8 39.
Kd5 b3 40. Kd4 b2 41. Ke3 b1=Q 42. Kf3 Qd3+ 43. Kf4 Rc4+ 44. Ke5 Qd4+ 45. Ke6
Rc6# 0-1

[Event "Detroit (MI Op/6/32)"]
[Site "?"]
[Date "1992.??.??"]
[Round "?"]
[White "Aldrich, Jeff"]
[Black "Thomas, Henry"]
[Result "0-1"]
[WhiteElo "1950"]
[BlackElo "1765"]
[PlyCount "92"]
[EventDate "1992.??.??"]

{6/(32)} 1. d4 f5 2. Nf3 Nf6 3. c3 e6 4. Bg5 Be7 5. e3 O-O 6. Nbd2 b6 7. Qb3
Bb7 8. Bd3 Ne4 9. Bxe7 Qxe7 10. Rg1 Kh8 11. Qc2 d5 12. Nf1 a5 13. Ne5 Nd7 14.
Nxd7 Qxd7 15. f3 Nd6 16. Qe2 Qc8 17. g4 Ba6 18. Bxa6 Rxa6 19. Qg2 f4 20. g5
fxe3 21. Nxe3 Nf5 22. Nxf5 Rxf5 23. O-O-O c5 24. Qg4 b5 25. Rg2 Qf8 26. dxc5
Rf4 27. Qg3 Rxf3 28. Qg4 Rf4 29. Qg3 Rf3 30. Qe1 Qxc5 31. Re2 Qd6 32. Qh1 Qf4+
33. Kb1 Rd6 34. Qe1 Qxg5 35. Ka1 Qf6 36. a3 Rf5 37. Ka2 e5 38. Rdd2 Kg8 39. Qg3
d4 40. cxd4 exd4 41. Qb3+ Kf8 42. Re4 a4 43. Qd3 Rf3 44. Qxb5 Qf7+ 45. Kb1 Rf1+
46. Kc2 Rc6+ 0-1

[Event "Flint (Class A/4)"]
[Site "?"]
[Date "1992.??.??"]
[Round "?"]
[White "Aldrich, Jeff"]
[Black "Spooner, Frank"]
[Result "1-0"]
[WhiteElo "1895"]
[BlackElo "1875"]
[PlyCount "143"]
[EventDate "1992.??.??"]

1. d4 c6 2. c4 d5 3. Nc3 Nf6 4. Nf3 e6 5. Bg5 Nbd7 6. e3 Qa5 7. Qc2 Bb4 8. Bxf6
Nxf6 9. Nd2 O-O 10. Be2 Re8 11. O-O Bxc3 12. bxc3 e5 13. Nb3 Qa4 14. c5 b6 15.
Qd3 exd4 16. cxd4 Ne4 17. Rfc1 b5 18. Bd1 Qa6 19. Nd2 Bf5 20. Qe2 Qc8 21. Nxe4
Bxe4 22. a4 a6 23. Qg4 Qxg4 24. Bxg4 f5 25. Be2 f4 26. Bg4 fxe3 27. fxe3 b4 28.
Ra2 Ra7 29. a5 Bd3 30. Rb2 Rb7 31. Kf2 Rf8+ 32. Kg3 b3 33. Rd1 Bc2 34. Rd2 Rb5
35. Bd1 Rfb8 36. Bxc2 bxc2 37. Rbxc2 Rxa5 38. Ra2 Rbb5 39. Kf4 Kf7 40. Ke5 Ke7
41. Rxa5 Rxa5 42. Rb2 Rb5 43. Ra2 a5 44. g4 h6 45. h4 g6 46. g5 hxg5 47. hxg5
Rb3 48. Kf4 Rb5 49. Ke5 Rb3 50. Kf4 Rb5 51. Ra3 Ke6 52. e4 Rb4 53. exd5+ Kxd5
54. Rxa5 Kxd4 55. Ra8 Kd5+ 56. Kf3 Ke6 57. Rf8 Rc4 58. Rf6+ Kd5 59. Rxg6 Kxc5
60. Rf6 Rd4 61. g6 Rd8 62. g7 Rg8 63. Rg6 Kd5 64. Kf4 c5 65. Kf5 c4 66. Kf6 c3
67. Kf7 c2 68. Rg1 Rc8 69. Rc1 Rc7+ 70. Kg6 Rc6+ 71. Kh7 Rc7 72. Kh8 1-0

[Event "East Lansing (MI Am/1)"]
[Site "?"]
[Date "1992.??.??"]
[Round "?"]
[White "Aldrich, Jeff"]
[Black "Smeckert, Dennis"]
[Result "1-0"]
[WhiteElo "1960"]
[BlackElo "1605"]
[PlyCount "57"]
[EventDate "1992.??.??"]

1. d4 d5 2. c4 e5 3. dxe5 d4 4. Nf3 Nc6 5. g3 Be6 6. b3 Bb4+ 7. Bd2 Bxd2+ 8.
Qxd2 Qd7 9. Bg2 O-O-O 10. O-O h5 11. Na3 h4 12. gxh4 Bh3 13. e6 fxe6 14. Bxh3
Qe7 15. Nc2 Kb8 16. Kh1 e5 17. Qg5 Nf6 18. Rad1 Rh5 19. Qg6 e4 20. Nfxd4 Rdh8
21. Nxc6+ bxc6 22. Nd4 Kb7 23. Nf5 Qe5 24. Rg1 e3 25. f3 Ne4 26. fxe4 Qxe4+ 27.
Bg2 Rxh4 28. Nxh4 Qxh4 29. Qxc6+ 1-0

[Event "Detroit (MI Op/2/8)"]
[Site "?"]
[Date "1992.??.??"]
[Round "?"]
[White "Aldrich, Jeff"]
[Black "Norman, Bryan"]
[Result "0-1"]
[WhiteElo "1950"]
[BlackElo "2255"]
[PlyCount "48"]
[EventDate "1992.??.??"]

{2/(8)} 1. d4 d5 2. c4 c6 3. Nc3 Nf6 4. Nf3 dxc4 5. e3 b5 6. a4 Qb6 7. b3 b4 8.
a5 Qb7 9. Na4 c3 10. Nc5 Qc7 11. Ne5 e6 12. Nc4 Na6 13. Nxa6 Bxa6 14. Qf3 Rd8
15. Nd6+ Bxd6 16. Bxa6 O-O 17. e4 e5 18. Be3 exd4 19. Bxd4 Be5 20. Bc5 c2 21.
Rc1 Bc3+ 22. Kf1 Qxa5 23. Bxf8 Qxa6+ 24. Kg1 Qa3 0-1

[Event "Detroit (MI Op/4/27)"]
[Site "?"]
[Date "1992.??.??"]
[Round "?"]
[White "Aldrich, Jeff"]
[Black "Morabito, Matthew"]
[Result "1/2-1/2"]
[WhiteElo "1950"]
[BlackElo "1695"]
[PlyCount "145"]
[EventDate "1992.??.??"]

{4/(27)} 1. d4 d6 2. c4 g6 3. Nc3 Bg7 4. e4 c5 5. Be3 Nc6 6. Nge2 b6 7. g3 Bd7
8. Qd2 Bg4 9. Bg2 e5 10. d5 Nd4 11. Bxd4 cxd4 12. Nd1 h5 13. f4 h4 14. Nf2 Bxe2
15. Kxe2 Bh6 16. Ng4 Qc8 17. Kf3 f5 18. exf5 Qxf5 19. Qe2 Bxf4 20. Qe4 Bg5+ 21.
Ke2 Ne7 22. Rhf1 Qxe4+ 23. Bxe4 O-O-O 24. Rf7 hxg3 25. hxg3 Rh3 26. Kf2 Rhh8
27. Kg2 Rdf8 28. Raf1 Rxf7 29. Rxf7 Kd8 30. Nf6 Bc1 31. b3 a5 32. Bf3 d3 33.
Ne4 Nf5 34. Rb7 Kc8 35. Rxb6 Kc7 36. Rc6+ Kb8 37. c5 Nd4 38. Rb6+ Ka7 39. Rxd6
Nxf3 40. Kxf3 d2 41. Nxd2 Bxd2 42. Rxg6 Bb4 43. c6 Kb6 44. Ke4 Re8 45. Rg7 Bd6
46. g4 Rf8 47. g5 Rf4+ 48. Ke3 Bc5+ 49. Ke2 Re4+ 50. Kf3 Rd4 51. Rb7+ Ka6 52.
Rd7 Rf4+ 53. Ke2 Rg4 54. d6 Bxd6 55. Rxd6 Rxg5 56. Kd3 Rg2 57. Kc4 Rxa2 58. Kd5
Rb2 59. c7+ Kb7 60. Rc6 Kc8 61. Rc3 Rd2+ 62. Kc6 e4 63. Rg3 Rc2+ 64. Kb6 Kd7
65. Rg7+ Kd6 66. Kb7 a4 67. Rg6+ Kd7 68. Rg7+ Kd6 69. b4 e3 70. c8=Q Rxc8 71.
Kxc8 Kc6 72. Rg5 a3 73. Rc5+ 1/2-1/2

[Event "Ann Arbor (HVA/5/3)"]
[Site "?"]
[Date "1992.??.??"]
[Round "?"]
[White "Aldrich, Jeff"]
[Black "Kung, Fred"]
[Result "1-0"]
[WhiteElo "1945"]
[BlackElo "1855"]
[PlyCount "105"]
[EventDate "1992.??.??"]

{5/(3)} 1. d4 d5 2. c4 e6 3. Nc3 c5 4. Nf3 Nc6 5. cxd5 exd5 6. e3 Nf6 7. Be2 c4
8. Bd2 Bf5 9. b3 cxb3 10. Qxb3 Na5 11. Qa4+ Nc6 12. O-O a6 13. Ne5 Rc8 14. Bxa6
bxa6 15. Nxc6 Qd7 16. Ne5 Qxa4 17. Nxa4 Rc2 18. Ba5 Bd6 19. Rfc1 O-O 20. Bb6
Ba3 21. Rxc2 Bxc2 22. Nc5 Rb8 23. Ba5 Rb5 24. Bd8 Bxc5 25. dxc5 Rxc5 26. Rc1
Rc8 27. Bxf6 gxf6 28. Nd3 Rc4 29. Nb2 Rc8 30. g4 Kf8 31. Na4 Bf5 32. Rxc8+ Bxc8
33. f3 Kg7 34. Kf2 Kg6 35. Kg3 f5 36. gxf5+ Bxf5 37. Nc3 Be6 38. Ne2 Kf6 39.
Kf4 d4 40. a4 d3 41. Nc3 Bb3 42. a5 Ke6 43. Ne4 Bc2 44. Nd2 f5 45. h4 Kf6 46.
e4 fxe4 47. fxe4 Bd1 48. Ke3 Be2 49. Nb3 Kg6 50. Nc5 Kh5 51. Nxa6 Kxh4 52. Nc5
Kg3 53. a6 1-0

[Event "Flint (Class A/1)"]
[Site "?"]
[Date "1992.??.??"]
[Round "?"]
[White "Aldrich, Jeff"]
[Black "June, Brian"]
[Result "1-0"]
[WhiteElo "1895"]
[BlackElo "1820"]
[PlyCount "121"]
[EventDate "1992.??.??"]

1. d4 Nf6 2. c4 g6 3. Nc3 Bg7 4. e4 d6 5. f4 O-O 6. Nf3 Nbd7 7. Bd3 c6 8. O-O
Qb6 9. Kh1 a5 10. h3 Nh5 11. Ne2 Kh8 12. Rb1 c5 13. d5 Qd8 14. g4 Nhf6 15. Ng3
e6 16. Rf2 Ng8 17. f5 exf5 18. exf5 Ne5 19. g5 Nxd3 20. Qxd3 Bxf5 21. Nxf5 gxf5
22. Qxf5 Ne7 23. Qg4 Qc8 24. Qxc8 Raxc8 25. Bf4 Rcd8 26. a3 Ng6 27. Bg3 Rfe8
28. b4 b6 29. bxc5 bxc5 30. Rb6 Re3 31. Bxd6 Rxa3 32. Bxc5 Rc3 33. Nd2 Ne5 34.
Rf4 Nd3 35. Be7 Nxf4 36. Bxd8 Bd4 37. Bf6+ Bxf6 38. Rxf6 Nxh3 39. Rxf7 Nxg5 40.
Rc7 Rc1+ 41. Kg2 Rc2 42. Kg3 Rxd2 43. Kf4 Nh3+ 44. Ke5 Re2+ 45. Kd4 Nf4 46. Rf7
Ng6 47. Ra7 Ra2 48. d6 Nf8 49. c5 Ne6+ 50. Kd5 Nxc5 51. Kxc5 Rc2+ 52. Kb6 Rb2+
53. Kxa5 Ra2+ 54. Kb6 Rb2+ 55. Kc7 Rc2+ 56. Kb8 h5 57. d7 Rd2 58. Kc8 h4 59.
d8=Q+ Rxd8+ 60. Kxd8 h3 61. Ra3 1-0

[Event "East Lansing (MI Am/5)"]
[Site "?"]
[Date "1992.??.??"]
[Round "?"]
[White "Aldrich, Jeff"]
[Black "June, Brian"]
[Result "1-0"]
[WhiteElo "1960"]
[BlackElo "1785"]
[PlyCount "65"]
[EventDate "1992.??.??"]

1. d4 Nf6 2. c4 g6 3. Nc3 Bg7 4. e4 d6 5. f4 O-O 6. Nf3 c6 7. Be2 Bg4 8. O-O
Nbd7 9. Be3 Bxf3 10. Bxf3 e5 11. fxe5 dxe5 12. d5 cxd5 13. exd5 Rc8 14. Qe2 Re8
15. Bg5 Qc7 16. Nb5 Qb8 17. Rac1 a6 18. Nc3 Qc7 19. Ne4 Nxe4 20. Qxe4 f5 21.
Qc2 e4 22. Be2 Be5 23. h4 Qc5+ 24. Kh1 Kg7 25. Bd2 Nf6 26. b4 Qd6 27. Bc3 Bg3
28. h5 Kf7 29. Qb2 e3 30. c5 Qd8 31. d6 Nd7 32. Bc4+ Kf8 33. Bg7# 1-0

[Event "East Lansing (MI Am/3)"]
[Site "?"]
[Date "1992.??.??"]
[Round "?"]
[White "Aldrich, Jeff"]
[Black "Hencir, Edward"]
[Result "1-0"]
[WhiteElo "1960"]
[BlackElo "1755"]
[PlyCount "55"]
[EventDate "1992.??.??"]

1. d4 d5 2. c4 c6 3. Nc3 e6 4. Nf3 Nd7 5. e3 Ngf6 6. cxd5 cxd5 7. Bd3 a6 8. Bd2
Bd6 9. Rc1 O-O 10. O-O Qe7 11. Re1 e5 12. e4 dxe4 13. Nxe4 Nxe4 14. Bxe4 Nf6
15. Bg5 h6 16. Bxf6 gxf6 17. Qd3 Rd8 18. Nh4 Kh8 19. Bf5 Bb4 20. Re4 Qf8 21. a3
Ba5 22. Qf3 Bd2 23. Rc7 Bg5 24. Qh5 Be6 25. Bxe6 fxe6 26. Ng6+ Kg8 27. Nxf8
Rxf8 28. Qg6+ 1-0

[Event "Detroit (MI Action/5)"]
[Site "?"]
[Date "1992.??.??"]
[Round "?"]
[White "Aldrich, Jeff"]
[Black "Helle, Frank"]
[Result "1/2-1/2"]
[WhiteElo "1945"]
[BlackElo "2120"]
[PlyCount "72"]
[EventDate "1992.??.??"]

1. d4 d5 2. c4 dxc4 3. Nf3 Nf6 4. Nc3 Bf5 5. e3 e6 6. Bxc4 Nbd7 7. O-O c6 8.
Re1 Bb4 9. Qb3 Qb6 10. Bd2 Bxc3 11. Bxc3 O-O 12. Nd2 Ne4 13. Nxe4 Bxe4 14. f3
Bd5 15. e4 Qxb3 16. axb3 Bxc4 17. bxc4 Rfd8 18. Rad1 Nb6 19. Ba5 Rd7 20. b3 Nc8
21. d5 cxd5 22. exd5 Ne7 23. d6 Nc6 24. Bc3 b6 25. b4 a5 26. b5 Nd8 27. Bb2 f6
28. Bc1 Kf7 29. f4 Nb7 30. Be3 Rxd6 31. Rxd6 Nxd6 32. Bxb6 Nxc4 33. Bc7 Ke7 34.
Rc1 Nd6 35. b6 Nb7 36. Rc3 f5 1/2-1/2

[Event "Ann Arbor (HVA/1/2)"]
[Site "?"]
[Date "1992.??.??"]
[Round "?"]
[White "Aldrich, Jeff"]
[Black "Harlan, K."]
[Result "0-1"]
[WhiteElo "1945"]
[BlackElo "1670"]
[PlyCount "118"]
[EventDate "1992.??.??"]

{1/(2)} 1. d4 Nf6 2. c4 e6 3. Nc3 Bb4 4. Qc2 d5 5. Nf3 Nbd7 6. Bg5 c6 7. e3 h6
8. Bh4 Qc7 9. Bd3 dxc4 10. Bxc4 Nd5 11. O-O N7b6 12. Bd3 Bd6 13. a3 O-O 14.
Rac1 Nxc3 15. Qxc3 Nd5 16. Qc2 e5 17. dxe5 Bxe5 18. Nxe5 Qxe5 19. Bg3 Qe7 20.
Rfd1 h5 21. h3 Qg5 22. h4 Qf6 23. e4 Nb6 24. e5 Qe7 25. Be2 Nd5 26. Bxh5 g6 27.
Bf3 Be6 28. Be4 Kg7 29. f4 Ne3 30. Qf2 Nxd1 31. Rxd1 Rad8 32. Rf1 Bd5 33. f5
gxf5 34. Qxf5 Rh8 35. e6 Bxe6 36. Be5+ Kf8 37. Qf6 Rg8 38. Qxe7+ Kxe7 39. Bf6+
Ke8 40. Bxd8 Kxd8 41. Kh2 Rg4 42. Bf5 Bxf5 43. Rxf5 Rxh4+ 44. Kg3 Rh7 45. Kf4
Ke7 46. Rg5 Rh4+ 47. Kf3 Rd4 48. Ke3 Rd6 49. Rg8 Rd8 50. Rg4 c5 51. b4 cxb4 52.
Rxb4 b6 53. Rc4 Rd6 54. a4 Kd7 55. g4 a6 56. Ke4 b5 57. Rb4 Kc6 58. axb5+ axb5
59. Ke5 f6+ 0-1

[Event "Ann Arbor (HVA/3/7)"]
[Site "?"]
[Date "1992.??.??"]
[Round "?"]
[White "Aldrich, Jeff"]
[Black "Griffin, John"]
[Result "1-0"]
[WhiteElo "1945"]
[BlackElo "1625"]
[PlyCount "67"]
[EventDate "1992.??.??"]

{3/(7)} 1. d4 Nf6 2. c4 e6 3. Nc3 d5 4. Bg5 Be7 5. e3 b6 6. Nf3 h6 7. Bf4 c6 8.
Rc1 Bd6 9. Ne5 Bb7 10. a3 O-O 11. Na4 dxc4 12. Bxc4 b5 13. Qb3 Qe7 14. Bxb5
cxb5 15. Qxb5 Rc8 16. O-O Ba6 17. Rxc8+ Bxc8 18. Nc6 Nxc6 19. Qxc6 Bxf4 20.
Qxa8 Bxh2+ 21. Kxh2 Qc7+ 22. f4 Kh7 23. Nc5 Ng4+ 24. Kg1 Nxe3 25. Qe4+ Nf5 26.
g4 g6 27. gxf5 exf5 28. Qe5 Qb6 29. Qe8 Qxb2 30. Qxf7+ Kh8 31. Qf6+ Kh7 32. Re1
Qxa3 33. Re7+ Kg8 34. Qg7# 1-0

[Event "Detroit (MI Action/3)"]
[Site "?"]
[Date "1992.??.??"]
[Round "?"]
[White "Aldrich, Jeff"]
[Black "Gabbara, Faris"]
[Result "1/2-1/2"]
[WhiteElo "1945"]
[BlackElo "2205"]
[PlyCount "41"]
[EventDate "1992.??.??"]

1. d4 d5 2. c4 e6 3. Nc3 c5 4. Nf3 cxd4 5. Nxd4 e5 6. Nf3 d4 7. Nd5 Nc6 8. g3
Be6 9. Qb3 Qd7 10. Bg2 Rc8 11. Bd2 h6 12. Rc1 e4 13. Ng1 f5 14. h4 Bc5 15. Nh3
Nge7 16. Nhf4 Bf7 17. g4 Nxd5 18. cxd5 Ne7 19. gxf5 Nxd5 20. Qg3 Nxf4 21. Qxf4
1/2-1/2

[Event "Detroit (MI Action/1)"]
[Site "?"]
[Date "1992.??.??"]
[Round "?"]
[White "Aldrich, Jeff"]
[Black "Bascomb, A."]
[Result "1-0"]
[WhiteElo "1945"]
[BlackElo "1605"]
[PlyCount "83"]
[EventDate "1992.??.??"]

1. d4 g6 2. c4 Bg7 3. Nc3 Nf6 4. e4 d6 5. f4 c6 6. Nf3 Bg4 7. Be2 O-O 8. O-O
Bxf3 9. Bxf3 Nbd7 10. Kh1 a6 11. Qe2 b6 12. e5 Ne8 13. Bxc6 Ra7 14. Ne4 Nb8 15.
Ba4 Nc7 16. Ng3 Ne6 17. Qe4 b5 18. cxb5 axb5 19. Bc2 d5 20. Qd3 Qb6 21. Be3 Nc6
22. f5 Nb4 23. Qd2 Nxc2 24. Qxc2 Nxd4 25. Qd3 Bxe5 26. Ne2 Ra4 27. b3 Rb4 28.
Rad1 Qd6 29. Nxd4 Bxh2 30. Bd2 Rxd4 31. Qxd4 Be5 32. Qg4 Qf6 33. fxg6 Qxg6 34.
Qxg6+ hxg6 35. Bh6 Kh7 36. Bxf8 Kg8 37. Bxe7 f5 38. Rxd5 Bb2 39. Bg5 Kf7 40.
Re1 Bf6 41. Rd7+ Kf8 42. Bxf6 1-0

[Event "Detroit (MI Op/3/35)"]
[Site "?"]
[Date "1992.??.??"]
[Round "?"]
[White "Accad, W."]
[Black "Smith, Mike A"]
[Result "0-1"]
[WhiteElo "1985"]
[BlackElo "1815"]
[PlyCount "44"]
[EventDate "1992.??.??"]

{3/(35)} 1. e4 c5 2. Nf3 d6 3. d4 cxd4 4. Nxd4 Nf6 5. Nc3 a6 6. Bg5 e6 7. f4
Be7 8. g4 b5 9. Bxf6 Bxf6 10. g5 Be7 11. h4 Bb7 12. Bh3 b4 13. f5 e5 14. Nd5
Bxd5 15. exd5 exd4 16. Qxd4 f6 17. O-O-O O-O 18. Rde1 fxg5 19. Re6 gxh4 20.
Qxb4 Nd7 21. Rhe1 Rb8 22. Qa3 Bf6 0-1